000 00751nam a2200217Ii 4500
003 JO-AjNU
008 230606s9999||||xx |||||||||||||| ||und||
020 _a978-1-138-03748-9(hbk) / 978-1-138-03749-6(pbk) / 978-1-315-14843-4(ebk)
040 _aJO-AjNU
_beng
_erda
_cJO-AjNU
041 _aeng
050 1 4 _aPE1375.F46 2018
100 3 _aFenn, Peter, Schwab, Gotz,
_eauthor
_95983
245 0 0 _aIntroducing English Syntax: A Basic Guide for Students of English
250 _a1 ed
264 3 1 _aNew York: Routledge, 2018
300 _a264P
336 _atext
_btxt
_2rdacontent
337 _aunmediated
_bn
_2rdamedia
338 _avolume
_bnc
_2rdacarrier
650 4 _aEnglish Language - Syntax - Study and teaching - problems exercises
_95984
999 _aE3103
_c3100
_d3100